Autobahnausfahrten an der BAB 2 - Statistiken

Allgemein
  • Dieses Quiz wurde 20 mal gespielt
  • Das Durchschnittsergebnis liegt bei 38 aus 84
Antwortstatistiken
Hint Antwort % Korrekt
44 Hannover/Langenhagen
93%
18 Hamm
86%
27 Bielefeld-Ost
79%
15 Kamen/Bergkamen
79%
20 Beckum
71%
26 Bielefeld-Süd
71%
24 Gütersloh
71%
29 Herford/Bad Salzuflen
71%
23 Rheda-Wiedenbrück
71%
3 Bottrop
64%
41 Garbsen
64%
48 Kreuz Hannover-Ost
64%
1 Kreuz Oberhausen
64%
21 Oelde
64%
38 Bad Nenndorf
57%
17 Bönen
57%
5 Essen/Gladbeck
57%
16 Kamener Kreuz
57%
37 Lauenau
57%
63 Marienborn/Helmstedt
57%
52 Peine
57%
33 Porta Westfalica
57%
34 Veltheim
57%
78 Brandenburg
50%
81 Dreieck Werder
50%
19 Hamm-Uentrop
50%
32 Kreuz Bad Oeynhausen
50%
58 Kreuz Wolfsburg/Königslutter
50%
49 Lehrte
50%
9 Recklinghausen-Süd
50%
64 Alleringersleben
43%
35 Bad Eilsen
43%
56 Braunschweig-Flughafen
43%
57 Braunschweig-Ost
43%
13 Dortmund-Nordost
43%
43 Dreieck Hannover-West
43%
65 Eilsleben
43%
6 Gelsenkirchen-Buer
43%
45 Hannover-Bothfeld
43%
42 Hannover-Herrenhausen
43%
46 Hannover-Lahe
43%
22 Herzebrock-Clarholz
43%
59 Königslutter
43%
25 Kreuz Bielefeld
43%
12 Kreuz Dortmund-Nordwest
43%
47 Kreuz Hannover-Buchholz
43%
68 Kreuz Magdeburg
43%
50 Lehrte-Ost
43%
28 Ostwestfalen/Lippe
43%
10 Recklinghausen-Ost
43%
36 Rehren
43%
39 Wunstorf-Kolenfeld
43%
40 Wunstorf-Luthe
43%
53 Braunschweig-Watenbüttel
36%
12 Dortmund-Mengede
36%
3 Dreieck Bottrop
36%
51 Hämelerwald
36%
61 Helmstedt-West
36%
62 Helmstedt-Zentrum
36%
11 Henrichenburg
36%
30 Herford-Ost
36%
7 Herten
36%
8 Kreuz Recklinghausen
36%
14 Lünen-Süd
36%
2 Oberhausen-Königshardt
36%
31 Vlotho-West
36%
54 Braunschweig-Hafen
29%
67 Irxleben
29%
55 Kreuz Braunschweig-Nord
29%
71 Magdeburg-Rothensee
29%
70 Magdeburg-Zentrum
29%
79 Netzen
29%
60 Rennau
29%
76 Ziesar
29%
66 Bornstedt
21%
74 Burg-Ost
21%
73 Burg-Zentrum
21%
4 Gladbeck-Ellinghorst
21%
42 Hannover-Nordhafen
21%
80 Lehnin
21%
72 Lostau
21%
69 Magdeburg-Kannenstieg
21%
75 Theessen
21%
77 Wollin
21%
Keine übereinstimmenden Quizze gefunden
Verteilung der Resultate
Anzahl Personen mit jedem Resultat
Perzentil nach korrekt beantworteten Fragen
Ihre Resultats-Entwicklung
Sie haben dieses Quiz noch nicht gespielt